Statistics for Angelas Ashes Last Names

Click here to take the quiz!

General Stats

  • This quiz has been taken 8 times
  • The average score is 9 of 28

Answer Stats

Last NameAnswer% Correct
Frank
83%
| McCourtMalachy
67%
Angela
67%
ClohessyPaddy
50%
Oliver
33%
Eugene
33%
GriffinLaman
33%
Michael
33%
Peggy
33%
| DooleyPeter
33%
MolloyMikey
33%
McAdoreyMinnie
17%
HannonBridey
17%
MadiganPatricia
17%
Mona
17%
GalvinBill
17%
SpellacyMickey
17%
LeibowitzFreddi
17%
CollopyDeclan
17%
CampbellBilly
17%
SlatteryFintan
17%
FinucaneBrigit
17%
Dennis
17%
Alphonsus
17%
Margret
17%
CarmodyTheresa
17%

Score Distribution

Percentile by Number Answered

Percent of People with Each Score

Your Score History

You have not taken this quiz